#1 Albums of the 1990's - Statistics

General Stats
  • This quiz has been taken 297 times
  • The average score is 65 of 157
Answer Stats
Year Album Artist % Correct
1996 From the Muddy Banks of the Wishkah Nirvana
92%
1994 MTV Unplugged in New York Nirvana
92%
1993 In Utero Nirvana
92%
1992 Nevermind Nirvana
92%
1999 ...Baby One More Time Britney Spears
89%
1998 Da Game Is to Be Sold Not to Be Told Snoop Dogg
82%
1993 Doggystyle Snoop Dogg
82%
1997 Spice Spice Girls
82%
1997 Pop U2
82%
1993 Zooropa U2
82%
1991 Achtung Baby U2
82%
1992 The Bodyguard Whitney Houston
82%
1995 HIStory: Past, Present and Future, Book I Michael Jackson
79%
1991 Dangerous Michael Jackson
79%
1997 The Velvet Rope Janet Jackson
76%
1993 ----- Janet Jackson
76%
1997 Butterfly Mariah Carey
75%
1995 Daydream Mariah Carey
75%
1993 Music Box Mariah Carey
75%
1991 ------ ----- Mariah Carey
75%
1993 Bat Out of Hell II: Back Into Hell Meat Loaf
73%
1999 All The Way... a Decade of Song Celine Dion
72%
1998 Let's Talk About Love Celine Dion
72%
1996 Falling into You Celine Dion
72%
1998 The Miseducation of ------ ---- Lauryn Hill
71%
1996 All Eyez on Me 2Pac
68%
1995 Me Against the World 2Pac
68%
1996 The Don Killuminati: The 7 Day Theory Makaveli
68%
1991 Use Your Illusion II Guns N' Roses
65%
1998 Supposed Former Infatuation Junkie Alanis Morissette
62%
1995 Jagged Little Pill Alanis Morissette
62%
1996 No Code Pearl Jam
62%
1994 Vitalogy Pearl Jam
62%
1993 Vs. Pearl Jam
62%
1994 The Sign Ace of Base
61%
1998 Vol. 2... Hard Knock Life Jay-Z
61%
1995 Mellon Collie and the Infinite Sadness Smashing Pumpkins
61%
1994 Superunknown Soundgarden
61%
1999 Millennium Backstreet Boys
59%
1999 Born Again The Notorious B.I.G.
58%
1997 Life After Death The Notorious B.I.G.
58%
1997 Reload Metallica
57%
1996 Load Metallica
57%
1991 --------- Metallica
57%
1998 Hello Nasty Beastie Boys
55%
1994 Ill Communication Beastie Boys
55%
1999 Supernatural Santana
55%
1990 Please ------, Don't Hurt 'Em MC Hammer
53%
1990 Girl You Know It's True Milli Vanilli
53%
1991 Niggaz4Life N.W.A.
53%
1996 The Score Fugees
50%
1990 Step by Step New Kids on the Block
50%
1996 Tragic Kingdom No Doubt
50%
1999 The Battle of Los Angeles Rage Against the Machine
50%
1996 Evil Empire Rage Against the Machine
50%
1994 Monster R.E.M.
50%
1991 Out of Time R.E.M.
50%
1993 River of Dreams Billy Joel
49%
1999 FanMail TLC
49%
1991 Spellbound Paula Abdul
47%
1990 Forever Your Girl Paula Abdul
47%
1994 From the Cradle Eric Clapton
46%
1993 Unplugged Eric Clapton
46%
1992 Totally Krossed Out Kriss Kross
46%
1997 Nine Lives Aerosmith
45%
1993 Get a Grip Aerosmith
45%
1994 Hell Freezes Over Eagles
45%
1990 ...But Seriously Phil Collins
45%
1991 Unforgettable... with Love Natalie Cole
44%
1996 Anthology 3 The Beatles
43%
1996 Anthology 2 The Beatles
43%
1995 Anthology 1 The Beatles
43%
1995 ----- -- ------ Alice in Chains
41%
1994 Jar of Flies Alice in Chains
41%
1998 Double Live Garth Brooks
38%
1998 The Limited Series Garth Brooks
38%
1997 Sevens Garth Brooks
38%
1995 The Hits Garth Brooks
38%
1993 In Pieces Garth Brooks
38%
1992 The Chase Garth Brooks
38%
1991 Ropin' the Wind Garth Brooks
38%
1996 Fairweather Johnson Hootie & the Blowfish
38%
1995 Cracked Rear View Hootie & the Blowfish
38%
1995 Pulse Pink Floyd
38%
1994 The Division Bell Pink Floyd
38%
1990 To the Extreme Vanilla Ice
37%
1999 Issues Korn
35%
1998 Follow the Leader Korn
35%
1999 I Am... Nas
35%
1996 It Was Written Nas
35%
1993 Back to Broadway Barbra Streisand
34%
1997 Higher Ground Barbra Streisand
33%
1997 Evolution Boyz II Men
33%
1994 II Boyz II Men
33%
1992 The Predator Ice Cube
32%
1998 Mechanical Animals Marilyn Manson
32%
1997 The Fat of the Land The Prodigy
32%
1999 Flesh of My Flesh, Blood of My Blood DMX
31%
1998 It's Dark and Hell Is Hot DMX
31%
1990 I Do Not Want What I Haven't Got Sinéad O'Connor
31%
1999 Human Clay Creed
30%
1999 Significant Other Limp Bizkit
30%
1992 Timeless: The Classics Michael Bolton
30%
1991 Time, Love & Tenderness Michael Bolton
30%
1996 Best Of – Volume I Van Halen
30%
1995 Balance Van Halen
30%
1991 For Unlawful Carnal Knowledge Van Halen
30%
1997 No Way Out Puff Daddy and the Family
29%
1997 Secret Samadhi Live
28%
1995 Throwing Copper Live
28%
1994 Purple Stone Temple Pilots
28%
1992 Adrenalized Def Leppard
27%
1993 Songs of Faith and Devotion Depeche Mode
26%
1994 Longing in Their Hearts Bonnie Raitt
24%
1990 Nick of Time Bonnie Raitt
24%
1999 The Fragile Nine Inch Nails
24%
1994 Far Beyond Driven Pantera
24%
1997 ------- Forever Wu-Tang Clan
24%
1995 Greatest Hits Bruce Springsteen
22%
1995 - ----- R. Kelly
22%
1996 Razorblade Suitcase Bush
21%
1993 Black Sunday Cypress Hill
21%
1992 The Southern Harmony and Musical Companion The Black Crowes
20%
1992 Some Gave All Billy Ray Cyrus
19%
1999 Ruff Ryders' First Lady Eve
19%
1997 The Dance Fleetwood Mac
18%
1997 The Art of War Bone Thugs-n-Harmony
16%
1995 E. 1999 Eternal Bone Thugs-n-Harmony
16%
1999 Breathe Faith Hill
16%
1998 Titanic: Music from the Motion Picture James Horner
16%
1998 Before These Crowded Streets Dave Matthews Band
15%
1995 Dreaming of You Selena
15%
1991 Slave to the Grind Skid Row
15%
1999 --------- -------- Christina Aguilera
14%
1996 Recovering the Satellites Counting Crows
14%
1999 Fly Dixie Chicks
14%
1999 Chyna Doll Foxy Brown
13%
1994 ---- ------- Toni Braxton
12%
1999 A Place in the Sun Tim McGraw
11%
1994 Not a Moment Too Soon Tim McGraw
11%
1996 Beats, Rhymes and Life A Tribe Called Quest
10%
1997 You Light Up My Life — Inspirational Songs LeAnn Rimes
10%
1997 Unchained Melody: The Early Years LeAnn Rimes
10%
1997 Harlem World Mase
10%
1994 Miracles: The Holiday Album Kenny G
9%
1997 Share My World Mary J. Blige
9%
1998 MP Da Last Don Master P
7%
1997 Ghetto D Master P
7%
1999 ----- ------ Ricky Martin
7%
1997 Carrying Your Love With Me George Strait
5%
1996 Home Again New Edition
5%
1994 Kickin' It Up John Michael Montgomery
4%
1999 Made Man Silkk The Shocker
4%
1995 Dogg Food Tha Dogg Pound
3%
1997 Butterfly Kisses (Shades of Grace) Bob Carlisle
2%
1997 The Untouchable Scarface
2%
1997 The Album The Firm
1%
No matching quizzes found
Score Distribution
Percent of People with Each Score
Percentile by Number Answered
Your Score History
You have not taken this quiz